Evangelical dictionary of theology / (Record no. 1376)
[ view plain ]
| 000 -LEADER | |
|---|---|
| fixed length control field | 00962cam a2200289 a 4500 |
| 001 - CONTROL NUMBER | |
| control field | 12489440 |
| 003 - CONTROL NUMBER IDENTIFIER | |
| control field | GBCCL |
| 005 - DATE AND TIME OF LATEST TRANSACTION | |
| control field | 20241126110400.0 |
| 008 - FIXED-LENGTH DATA ELEMENTS--GENERAL INFORMATION | |
| fixed length control field | 010731s2001 miu bd 000 0 eng |
| 010 ## - | |
| -- | 2001272311 |
| 020 ## - INTERNATIONAL STANDARD BOOK NUMBER | |
| International Standard Book Number | 0801020751 (U.S.) |
| 020 ## - INTERNATIONAL STANDARD BOOK NUMBER | |
| Canceled/invalid ISBN | 1842270828 (U.K.) |
| 040 ## - CATALOGING SOURCE | |
| Original cataloging agency | DLC |
| Transcribing agency | DLC |
| Modifying agency | DLC |
| 050 00 - | |
| -- | BR95 |
| -- | .E87 2001 |
| 082 00 - DEWEY DECIMAL CLASSIFICATION NUMBER | |
| Classification number | 230.0462403 |
| Edition information | 21 |
| Item number | EVA |
| 245 00 - TITLE STATEMENT | |
| Title | Evangelical dictionary of theology / |
| Statement of responsibility, etc. | edited by Walter A. Elwell. |
| 250 ## - EDITION STATEMENT | |
| Edition statement | 2nd ed. |
| 260 ## - PUBLICATION, DISTRIBUTION, ETC. | |
| Place of publication, distribution, etc. | Grand Rapids, Mich. : |
| Name of publisher, distributor, etc. | Baker Academic ; |
| Place of publication, distribution, etc. | Carlisle, Cumbria, U.K. : |
| Name of publisher, distributor, etc. | Paternoster Press, |
| Date of publication, distribution, etc. | c2001. |
| 300 ## - PHYSICAL DESCRIPTION | |
| Extent | 1312 p. ; |
| Dimensions | 27 cm. |
| 440 #0 - SERIES STATEMENT/ADDED ENTRY--TITLE | |
| Title | Baker reference library |
| 9 (RLIN) | 2719 |
| 504 ## - BIBLIOGRAPHY, ETC. NOTE | |
| Bibliography, etc. note | Includes bibliographical references. |
| 650 #0 - SUBJECT ADDED ENTRY--TOPICAL TERM | |
| Topical term or geographic name entry element | Theology |
| Form subdivision | Dictionaries. |
| 9 (RLIN) | 1723 |
| 700 1# - ADDED ENTRY--PERSONAL NAME | |
| Personal name | Elwell, Walter A. |
| 9 (RLIN) | 1780 |
| 906 ## - LOCAL DATA ELEMENT F, LDF (RLIN) | |
| a | 7 |
| b | cbc |
| c | orignew |
| d | 2 |
| e | ncip |
| f | 20 |
| g | y-gencatlg |
| 942 ## - ADDED ENTRY ELEMENTS (KOHA) | |
| Source of classification or shelving scheme | Dewey Decimal Classification |
| Koha item type | Reference Books |
| Withdrawn status | Lost status | Source of classification or shelving scheme | Damaged status | Not for loan | Home library | Current Library | Shelving location | Date acquired | Total checkouts | Full call number | Barcode | Date last seen | Copy number | Price effective from | Koha item type |
|---|---|---|---|---|---|---|---|---|---|---|---|---|---|---|---|
| Dewey Decimal Classification | GRACE BIBLE COLLEGE | GRACE BIBLE COLLEGE | Dictionary | 2017-04-27 | 230.0462403 EVA | 014321 | 2025-05-01 | c.1 | 2017-04-27 | Reference Books | |||||
| Dewey Decimal Classification | GRACE BIBLE COLLEGE | GRACE BIBLE COLLEGE | Dictionary | 2021-05-06 | 230.0462403 EVA | 020273 | 2025-05-01 | c.2 | 2021-05-06 | Reference Books | |||||
| Dewey Decimal Classification | GRACE BIBLE COLLEGE | GRACE BIBLE COLLEGE | Dictionary | 2023-09-08 | 230.0462403 EVA | 020485 | 2025-05-01 | c.3 | 2023-09-08 | Reference Books |